Io vivo nelle cose : appunti di viaggio da "Rooms" a Pasolini /

সংরক্ষণ করুন:
গ্রন্থ-পঞ্জীর বিবরন
সংস্থা লেখক: Motus (compagnia teatrale) (সম্পাদক)
অন্যান্য লেখক: Casagrande, Enrico (সম্পাদক), Nicolò, Daniela (সম্পাদক)
বিন্যাস: গ্রন্থ
ভাষা:ইতালিয়
প্রকাশিত: Milano : Ubulibri, 2006
মালা:I libri quadrati
বিষয়গুলি:
ট্যাগগুলো: ট্যাগ যুক্ত করুন
কোনো ট্যাগ নেই, প্রথমজন হিসাবে ট্যাগ করুন!

MARC

LEADER 00000nam a22000007i 4500
001 IT\ICCU\UBO\2969671
003 ItRI
005 20260115231930.0
008 060508s2006 it |||||| ||||| |||||c
020 |a 887748263X 
040 |b ita  |c importazione bologna sebina 
041 7 |a ita  |2 ISO-639-2 
245 0 0 |a Io vivo nelle cose :  |b appunti di viaggio da "Rooms" a Pasolini /  |c [a cura di] Motus, Enrico Casagrande, Daniela Nicolò. 
260 |a Milano :  |b Ubulibri,  |c 2006 
300 |a 183 p. :  |b ill. ;  |c 24 cm. 
650 7 |a Motus  |x Attività  |x 1991-2005  |2 scbi 
700 1 |a Casagrande, Enrico  |0 IT\ICCU\UBOV\028873  |4 edt 
700 1 |a Nicolò, Daniela  |0 IT\ICCU\UBOV\028874  |4 edt 
710 2 |a Motus (compagnia teatrale)  |0 IT\ICCU\RAVV\484271  |4 edt 
830 2 |a I libri quadrati  |0 IT\ICCU\VEA\0027217 
942 |2 ddc  |c BK  |n 0 
952 |0 0  |1 0  |4 0  |6 DOC_792_090000000000000_MOT  |7 0  |9 16967  |a BO  |b BO  |d 2026-01-15  |i 10880  |l 0  |o DOC 792.090 MOT  |p BO10880  |r 2026-01-15 23:19:30  |w 2026-01-15  |x [Sebina 7] [1 v.]  |y BK  |z 1 v. 
999 |c 14490  |d 14490